000 00482nam a2200145Ia 4500
008 100122s9999 xx 000 0 und d
082 _b33227
_a823.08
100 _aपै शिरीष
245 _aलग्न आणि इतर कथा
260 _bचिंतामणी साहित्य सहयोग
_c1982
300 _a167
630 _aलग्न आणि इतर कथा
730 _aलग्न आणि इतर कथा
942 _cBOOK
999 _c417351
_d417348